| 000 | 00450nam a2200169Ia 4500 | ||
|---|---|---|---|
| 008 | 210719s1980 xx 000 0 und d | ||
| 041 | _aeng | ||
| 082 | _a621.381 GERF | ||
| 100 | _aKUZNETSOV (Boris V) | ||
| 245 | _aFundamentals of industrial electronics | ||
| 260 |
_aMoscow _bMir Publishers _c1980 |
||
| 300 |
_a335 _bHB |
||
| 365 | _cRs | ||
| 650 | _aElectronics | ||
| 650 | _aElectronics | ||
| 906 | _aelectronics ; Fundamentals ; industrial | ||
| 999 |
_c216021 _d216021 |
||